000 00567nam a22001817a 4500
005 20240108090839.0
008 231024b |||||||| |||| 00| 0 eng d
020 _a0702122815
041 _aEnglish
082 _a347.1 ECK
100 _aPaterson TJM
_lEnglish
245 _aEckard's Principles of Civil Procedure in the Magistrates' Courts /
_cTJM Paterson
250 _aThird Edition
260 _aCape Town :
_bJuta & Company (Ltd),
_c1996
300 _bxlix, 347 pages ;
_c25.5 cm.
650 _aLegal Practice
_bLaw
942 _cBK
_6ALISON_BN_VRIES
999 _c27
_d27